Papeles de Población /
Сохранить в:
| Соавтор: | |
|---|---|
| Формат: | |
| Язык: | Spanish |
| Предметы: | |
| Метки: |
Добавить метку
Нет меток, Требуется 1-ая метка записи!
|
MARC
| LEADER | 00000nam a22000007a 4500 | ||
|---|---|---|---|
| 003 | cru CIDCACS/IIS | ||
| 005 | 20220505153908.0 | ||
| 007 | ta | ||
| 008 | 170123b1994 MX ||||| |||| 00| 0 spa d | ||
| 022 | |2 14057425 | ||
| 040 | |a cru CIDCACS/IIS |c cru CIDCACS/IIS | ||
| 090 | 0 | 4 | |a REV1520 |
| 110 | |9 1433 |a Universidad Autónoma del Estado de México. Centro de Investigación y Estudios Avanados de la Población | ||
| 245 | 1 | |a Papeles de Población / |c Centro de Investigación y Estudios Avanzados de la Población -UAEM | |
| 310 | |a Trimestral | ||
| 650 | 1 | 0 | |9 1439 |a ANALISIS DEMOGRAFICO |
| 942 | |2 ddc |c PP | ||
| 999 | |c 18818 |d 18818 | ||
